Algebraic functions /

Guardado en:
Autor Principal: Bliss, Gilbert Ames, 1876-1951.
Autor Corporativo: National Research Council (U.S.)
Formato: Libro
Idioma:English
Publicado: New York : American mathematical society, 1933.
Series:American mathematical society. Colloquium publications, vol. XVI
Materias:
Etiquetas: Agregar Etiqueta
Sin Etiquetas, Sea el primero en etiquetar este registro!
LEADER 00850cam a22002291a 4500
001 MAT.inmabb006111
008 741105s1933####nyua#####b####000#0#eng##
005 20120207124307.0
245 1 0 |a Algebraic functions /  |c by Gilbert Ames Bliss ... 
260 |a New York :  |b American mathematical society,  |c 1933. 
300 |a ix, 218 p. :  |b diagrs. ;  |c 23 cm. 
490 0 |a American mathematical society. Colloquium publications, vol. XVI 
500 |a "Published with the cooperation of the National research council." 
504 |a "List of references": p. 214-216. 
510 4 |a MR,  |c 34 #2866 
100 1 |a Bliss, Gilbert Ames,  |d 1876-1951. 
710 2 |a National Research Council (U.S.) 
650 0 |a Algebraic functions. 
084 |a 14H05 (30DXX)  |2 msc2000 
010 |a  34005791  
040 |a DLC  |c OYU  |d OCoLC  |d DLC 
859 |h 14  |i B649  |p A-5407  |b BIB. MATEMATICA